Every Class 3 Arkansas Senator - Statistics

General Stats
  • This quiz has been taken 20 times
  • The average score is 8 of 16
Answer Stats
Picture Hint Answer % Correct
D(1999-2011) Blanche Lincoln
100%
D(1975-1999) Dale Bumpers
100%
R(2011-) John Boozman
100%
D(1945-1975) J. William Fulbright
50%
D(1836-1848) Ambrose H. Sevier
33%
R(1868-1873) Benjamin F. Rice
33%
D(1861-1868) Charles B. Mitchel
33%
D(1931-1945) Hattie W. Carraway
33%
D(1879-1885) James D. Walker
33%
D(1885-1903) James K. Jones
33%
D(1903-1916) James P. Clarke
33%
D(1853-1861) Robert W. Johnson
33%
D(1848-1853) Solon Borland
33%
R(1873-1879) Stephen W. Dorsey
33%
D(1921-1931) Thaddeus H. Carraway
33%
D(1916-1921) William F. Kirby
33%
No matching quizzes found
Score Distribution
Percent of People with Each Score
Percentile by Number Answered
Your Score History
You have not taken this quiz